000 01471nam a2200289Ia 4500
003 OSt
005 20210721163256.0
008 130821s2006 ck gr spa
020 _a9580495521
040 _aCo-BoUCM
_bspa
_cCO-JMCR
041 0 _aspa
082 0 4 _a332.09861 /
_bU81h
_223
100 1 _aUrrutia Montoya, Miguel,
_eautor
_938071
245 1 0 _aHistoria del sector financiero Colombiano en el siglo XX :
_bensayos sobre su desarrollo y sus crisis /
_cMiguel Urrutia Montoya, Carlos Caballero Argáez,
260 _aBogotá, Colombia :
_bGrupo Editorial Norma,
_c2006.
300 _a177 páginas :
_bilustraciones y gráficas en blanco y negro ;
_c23 cm.
490 0 _aVirtual
501 _aCon: bibliografía al final de pagina.
505 0 _aDesarrollo financiero y desarrollo económico en Colombia. -- Las crisis financieras del siglo XX. -- Cronología.
520 0 _aLos ensayos recogidos en este libro, publicados para conmemorar los setenta años de la Asociación Bancaria de Colombia, se refieren tanto al desarrollo financiero y su vinculación con el desarrollo económico en Colombia como a describir sus crisis financieras a través del siglo xx.
650 0 4 _aCrisis financiera
_zColombia
_912166
650 0 4 _aDesarrollo económico y social
_912959
650 0 4 _aDesarrollo económico
_xHistoria
_912956
650 0 4 _aSistema financiero
_zColombia
_98107
700 1 _aCaballero Argáez, Carlos,
_eautor
_92409
942 _cBK
_2ddc
999 _c11973
_d11973